FUNCTIONS OF COMPLEX VARIABLE (Record no. 11747)
[ view plain ]
| 000 -LEADER | |
|---|---|
| fixed length control field | 00490cam a2200193ua 4500 |
| 008 - FIXED-LENGTH DATA ELEMENTS--GENERAL INFORMATION | |
| fixed length control field | 190318n II |||gr||||Z||||||eng |
| 040 ## - CATALOGING SOURCE | |
| Original cataloging agency | MAIN |
| 041 ## - LANGUAGE CODE | |
| -- | English |
| 041 ## - LANGUAGE CODE | |
| -- | eng |
| 082 ## - DEWEY DECIMAL CLASSIFICATION NUMBER | |
| Classification number | 510 TYA |
| 245 ## - TITLE STATEMENT | |
| Title | FUNCTIONS OF COMPLEX VARIABLE |
| 260 ## - PUBLICATION, DISTRIBUTION, ETC. | |
| Place of publication, distribution, etc. | MEERUT |
| Name of publisher, distributor, etc. | KEDARNATH RAMNATH |
| 300 ## - PHYSICAL DESCRIPTION | |
| Extent | 456: |
| Dimensions | 26CM. |
| 500 ## - GENERAL NOTE | |
| General note | Donated by Paran Bhuyan, Melachakar, Sibsagar on 11.03.2019 |
| 700 ## - ADDED ENTRY--PERSONAL NAME | |
| Personal name | TYAGI, B.S., |
| Relator term | AUTHOR. |
| 942 ## - ADDED ENTRY ELEMENTS (KOHA) | |
| Koha item type | Books |
| 653 ## - INDEX TERM--UNCONTROLLED | |
| Uncontrolled term | Mathematics |
| Withdrawn status | Lost status | Damaged status | Not for loan | Collection code | Home library | Current library | Shelving location | Date acquired | Full call number | Barcode | Date last seen | Copy number | Price effective from | Koha item type |
|---|---|---|---|---|---|---|---|---|---|---|---|---|---|---|
| TBMAT | Central Library and Information Centre Sibsagar Girls College | Central Library and Information Centre Sibsagar Girls College | Mathematics Rack | 11.09.1989 | 510 TYA | 10030 | 27.02.2020 | 1 | 27.02.2020 | Books |